Building citizenship civics & economics

保存先:
書誌詳細
その他の著者: Richard C. Remy
言語:Undetermined
English
出版事項: Columbus, Ohio McGraw-Hill Education 2016
主題:
タグ: タグ追加
タグなし, このレコードへの初めてのタグを付けませんか!
Thư viện lưu trữ: Trung tâm Học liệu Trường Đại học Trà Vinh
LEADER 00657nam a2200253Ia 4500
001 TVU_32949
008 210423s9999 xx 000 0 und d
020 |a 007660120X 
020 |a 9780076601202 
041 |a eng 
082 |a 320.473 
082 |b R392 
245 0 |a Building citizenship 
245 0 |b civics & economics 
245 0 |c Richard C. Remy ... [et al.] 
260 |a Columbus, Ohio 
260 |b McGraw-Hill Education 
260 |c 2016 
300 |a xxvii, 716 p. 
300 |b ill. 
300 |c 29 cm 
650 |a Citizenship; Citizenship; Civics 
700 |a Richard C. Remy 
980 |a Trung tâm Học liệu Trường Đại học Trà Vinh